Études de concert cadences, op. 13 violino /
| Main Author: | Laub, Ferdinand, 1832-1875 |
|---|---|
| Other Authors: | Frait, Vojtěch, 1894-1971 |
| Language: | No linguistic content |
| Published: |
Praha : Státní nakladatelství krásné literatury, hudby a umění, 1953 |
| Edition: | 1. vyd. |
| Physical Description: |
19 s. |
| LEADER | 00844ncm a22002292a 4500 | ||
|---|---|---|---|
| 001 | 001186683 | ||
| 003 | CZ BrMZK | ||
| 005 | 20111221132120.0 | ||
| 007 | qu | ||
| 008 | 111215s1953 xr |||||||||||||||||zxx d | ||
| 040 | |a BOA001 |b cze | ||
| 072 | 7 | |a 787 |x Hudba pro strunné a smyčcové nástroje |2 Konspekt |9 9 | |
| 100 | 1 | |a Laub, Ferdinand, |d 1832-1875 |7 jn20000720142 |4 cmp | |
| 245 | 1 | 0 | |a Études de concert cadences, op. 13 |h [hudebnina] : |b violino / |c Ferdinand Laub ; rev. Vojtěch Frait |
| 250 | |a 1. vyd. | ||
| 260 | |a Praha : |b Státní nakladatelství krásné literatury, hudby a umění, |c 1953 | ||
| 300 | |a 19 s. | ||
| 700 | 1 | |a Frait, Vojtěch, |d 1894-1971 |7 ola200203969 |4 edt | |
| 910 | |a BOA001 |b Mus4-0304.289 | ||
| 990 | |a MU | ||
| 991 | |b 201112 | ||
| 996 | 6 | |b 2619564694 |c Mus4-0304.289 |l MZK |r Sklad / do 1 hodiny |n 0 |w 001220060 |u 000010 |a 1 |e BOA001 |j MZK50 |s P | |
English
Čeština 